[Event "Aragon-chT Preferente Gr-I"]
[Site "Aragon"]
[Date "2019.02.09"]
[Round "3.38"]
[White "Miranda Garcia, Eduardo"]
[Black "Planas Torrea, Alberto"]
[Result "1-0"]
[WhiteElo "1788"]
[BlackElo "1915"]
[PlyCount "104"]
[EventDate "2019.01.26"]
[EventType "team-tourn"]
[EventRounds "9"]
[EventCountry "ESP"]
[SourceTitle "EXT 2020"]
[Source "ChessBase"]
[SourceDate "2019.10.17"]
[SourceVersion "1"]
[SourceVersionDate "2019.10.17"]
[SourceQuality "1"]
[WhiteTeam "Monsalud Soluzion"]
[BlackTeam "Ejea"]
[WhiteTeamCountry "ESP"]
[BlackTeamCountry "ESP"]

1. e4 e5 2. Nf3 Nc6 3. Bc4 Nf6 4. 0-0 Bc5 5. d4 exd4 6. e5 d5 7. exf6 dxc4 8. Re1+ Be6 9. Ng5 Qd5 10. Nc3 Qf5 11. Nce4 0-0-0 12. Nxe6 fxe6 13. fxg7 Rhg8 14. Nxc5 Qxc5 15. Qg4 Qf5 16. Qxf5 exf5 17. Bg5 Rd6 18. Be7 Nxe7 19. Rxe7 Rd7 20. Rae1 Rxg7 21. Re8+ Rd8 22. f4 Rxe8 23. Rxe8+ Kd7 24. Re5 Kd6 25. Rxf5 Re7 26. Kf2 a6 27. g4 d3 28. cxd3 cxd3 29. Rf8 Re2+ 30. Kf3 Ke7 31. Rc8 Kd7 32. Rf8 Rxh2 33. Rf5 Kd6 34. Ke4 Rxb2 35. Rd5+ Kc6 36. Rxd3 Rxa2 37. Rh3 Re2+ 38. Kf5 Re7 39. Kf6 Kd7 40. f5 Ke8 41. Kg5 Rg7+ 42. Kf4 a5 43. Ra3 b6 44. Rc3 a4 45. f6 Rf7 46. Kf5 c5 47. Ke6 Ra7 48. g5 a3 49. g6 hxg6 50. Rh3 Kd8 51. Rh8+ Kc7 52. f7 a2 1-0

[Event "Aragon-chT Preferente Gr I "]
[Site "Aragon"]
[Date "2018.02.17"]
[Round "4.42"]
[White "Cid Royo, Oscar"]
[Black "Miranda Garcia, Eduardo"]
[Result "1-0"]
[WhiteElo "2001"]
[BlackElo "1810"]
[PlyCount "83"]
[EventDate "2018.01.27"]
[EventType "team-tourn"]
[EventRounds "9"]
[EventCountry "ESP"]
[SourceTitle "EXT 2019"]
[Source "ChessBase"]
[SourceDate "2018.10.10"]
[SourceVersion "1"]
[SourceVersionDate "2018.10.10"]
[SourceQuality "1"]
[WhiteTeam "La Aurora Estadilla"]
[BlackTeam "Monsalud Soluzion"]
[WhiteTeamCountry "ESP"]
[BlackTeamCountry "ESP"]

1. d4 d6 2. e4 Nf6 3. f3 g6 4. Be3 Bg7 5. Qd2 0-0 6. Bh6 e5 7. Bxg7 Kxg7 8. h4 Qe7 9. Ne2 d5 10. Nbc3 dxe4 11. 0-0-0 exf3 12. gxf3 Rd8 13. h5 Nxh5 14. Bh3 Bxh3 15. Rxh3 Nc6 16. d5 Nd4 17. Nxd4 exd4 18. Qxd4+ Qf6 19. Qf2 Qf4+ 20. Kb1 Nf6 21. Rh4 Qf5 22. Qd4 g5 23. Rg1 Kg6 24. Rf4 Qe6 25. dxe6 Rxd4 26. Rxd4 fxe6 27. Ne4 h6 28. Nxf6 Kxf6 29. Rd7 Rc8 30. Rh1 Kg6 31. Re7 h5 32. Rxe6+ Kf5 33. Re7 h4 34. Kc1 b5 35. Rd7 a6 36. Kd2 c5 37. Ke3 Re8+ 38. Kf2 Re5 39. Re1 Rxe1 40. Kxe1 g4 41. fxg4+ Kxg4 42. Kf2 1-0

[Event "Aragon-chT Preferente A"]
[Site "Aragon"]
[Date "2017.02.25"]
[Round "5.36"]
[White "Solanas Godes, Beatriz"]
[Black "Miranda Garcia, Eduardo"]
[Result "0-1"]
[WhiteElo "1813"]
[BlackElo "1844"]
[PlyCount "100"]
[EventDate "2017.01.28"]
[EventType "team-tourn"]
[EventRounds "9"]
[EventCountry "ESP"]
[SourceTitle "EXT 2018"]
[Source "ChessBase"]
[SourceDate "2017.10.13"]
[SourceVersion "1"]
[SourceVersionDate "2017.10.13"]
[SourceQuality "1"]
[WhiteTeam "St Casablanca III"]
[BlackTeam "Monsalud"]
[WhiteTeamCountry "ESP"]
[BlackTeamCountry "ESP"]

1. e4 d6 2. d4 Nf6 3. Nc3 g6 4. Nf3 Bg7 5. h3 0-0 6. Be3 c6 7. Qd2 b5 8. a3 Bb7 9. Bh6 a6 10. Bxg7 Kxg7 11. Rd1 Nbd7 12. Be2 c5 13. e5 Ne4 14. Nxe4 Bxe4 15. exd6 exd6 16. dxc5 Nxc5 17. Qxd6 Qxd6 18. Rxd6 Bxc2 19. Rc6 Rac8 20. Rxc8 Rxc8 21. 0-0 Bd3 22. Bxd3 Nxd3 23. b3 Rc3 24. Nd4 Nc1 25. b4 Nd3 26. Ra1 Kf6 27. Ne2 Rc2 28. Kf1 Ke5 29. Rd1 Ke4 30. Ng3+ Kd4 31. Ne2+ Kc4 32. g3 Ra2 33. Rxd3 Kxd3 34. Nc1+ Kc2 35. Nxa2 Kb2 36. Nc1 Kxc1 37. Ke2 Kb2 38. Kd3 Kxa3 39. Kc3 Ka4 40. h4 a5 41. bxa5 Kxa5 42. Kb3 b4 43. g4 Kb5 44. f3 f5 45. gxf5 gxf5 46. h5 h6 47. f4 Kc5 48. Kc2 Kc4 49. Kb2 b3 50. Kc1 Kc3 0-1

[Event "Aragon-chT Preferente A"]
[Site "Aragon"]
[Date "2017.02.11"]
[Round "3.39"]
[White "Miranda Garcia, Eduardo"]
[Black "Morato Garcia, Jesus"]
[Result "1-0"]
[WhiteElo "1844"]
[BlackElo "1909"]
[PlyCount "87"]
[EventDate "2017.01.28"]
[EventType "team-tourn"]
[EventRounds "9"]
[EventCountry "ESP"]
[SourceTitle "EXT 2018"]
[Source "ChessBase"]
[SourceDate "2017.10.13"]
[SourceVersion "1"]
[SourceVersionDate "2017.10.13"]
[SourceQuality "1"]
[WhiteTeam "Monsalud"]
[BlackTeam "Las Fuentes"]
[WhiteTeamCountry "ESP"]
[BlackTeamCountry "ESP"]

1. e4 d6 2. d4 Nf6 3. Nc3 e5 4. dxe5 dxe5 5. Qxd8+ Kxd8 6. Bg5 h6 7. Bh4 g5 8. Bg3 Bd6 9. Bc4 Be6 10. Bxe6 fxe6 11. 0-0-0 Ke7 12. f3 Nbd7 13. Nge2 a6 14. a3 b5 15. Kb1 b4 16. axb4 Bxb4 17. Bf2 Rhb8 18. Na4 Rb7 19. c3 Bd6 20. Kc2 Rab8 21. Rb1 c5 22. b3 Rc8 23. c4 Nb8 24. Rhd1 Nc6 25. Kc3 Nd4 26. Nxd4 exd4+ 27. Kc2 Rf8 28. e5 Bxe5 29. Nxc5 Rc7 30. Nxa6 Rd7 31. Nc5 Rdd8 32. Nd3 Bc7 33. b4 e5 34. Re1 Nd7 35. Bxd4 Kf6 36. Bc3 Rfe8 37. f4 gxf4 38. Nxf4 Kf7 39. Nd5 Bb8 40. Re2 Rc8 41. Kb3 Re6 42. Rf1+ Kg8 43. Ref2 Rec6 44. Ne7+ 1-0

[Event "Zaragoza Province-ch Primera"]
[Site "Zaragoza"]
[Date "2015.10.25"]
[Round "4"]
[White "Carreras Villagrasa, Pablo"]
[Black "Miranda Garcia, Eduardo"]
[Result "0-1"]
[WhiteElo "1548"]
[BlackElo "1765"]
[PlyCount "64"]
[EventDate "2015.09.27"]
[EventType "swiss"]
[EventRounds "6"]
[EventCountry "ESP"]
[SourceTitle "CBM 170 Extra"]
[Source "ChessBase"]
[SourceDate "2016.02.25"]
[SourceVersion "1"]
[SourceVersionDate "2016.02.25"]
[SourceQuality "1"]

1. b3 b6 2. Bb2 Bb7 3. e3 e6 4. d3 Nf6 5. Nf3 Nc6 6. Nbd2 d6 7. g3 Nd7 8. Bg2 Nce5 9. 0-0 Nxf3+ 10. Bxf3 Bxf3 11. Nxf3 e5 12. e4 g6 13. Nh4 Be7 14. Ng2 h5 15. f4 Bf6 16. Qf3 Qe7 17. d4 0-0 18. dxe5 dxe5 19. Kh1 exf4 20. Bxf6 Nxf6 21. Qxf4 Nxe4 22. Rae1 Rae8 23. Ne3 Qe5 24. Qh4 f5 25. Nc4 Qd5 26. Kg1 Kg7 27. Qf4 Rf7 28. Qc1 Qd4+ 29. Kh1 Rfe7 30. Ne3 Nxg3+ 31. hxg3 Rxe3 32. Rxe3 Rxe3 0-1